00640nam a2200169 a 450000100100000000500170001000800410002702000150006804000250008308200150010824500650012326000940018830000280028250400290031095201140033999900170045300004092620201002034501.0130911s2003 dr 000 0 spa d a9993423521 aDO-SdBNPbspacBNPHU axxxxbxxxx00aIglesia y la gestión ambiental :brealidades y desafíos. aSanto Domingo :bComisión nacional para pastoral de ecología y medio ambiente,c2003. a211 p. :bil. ;c23 cm. aBibliografías : p. 211 00107-18PDaPDbPDcOId2013-09-11iLF1l0oxxxx xxxxp40926-10r2020-06-25w2020-06-25yLFPDZNo se presta c40416d40416